000 00361 a2200169 4500
001 186506
020 _a85-281-0077-4
040 _cMagnum
100 _aMachado, Ana Maria
240 1 0 _aA velha misteriosa
_lpor
245 1 0 _aA velha misteriosa
300 _a24
362 0 _a1994
440 1 _aSalamandra
697 _aLITERATURA INFANTIL
942 _cBK
999 _c186506
_d186506